000 00502nam a2200193 a 4500
001 000032643
003 DO-SdBNP
005 20220826110058.0
007 ta
008 110725s1926 dr 000 0 spa d
040 _aDO-SdBNP
_bspa
_cBNPHU
082 _axxxx
_bxxxx
245 0 3 _aLa huerta en el hogar dominicano. /
260 _aSanto Domingo :
_bDepartamento de Agricultura,
_c1926.
300 _a22 p. ;
_c23 cm.
590 _aInventariado, 2022/ YL
910 _aYLockward
942 _2ddc
_cLF2
999 _c32134
_d32134